| 000 | 00532nam a2200181 a 4500 | ||
|---|---|---|---|
| 001 | 20 | ||
| 003 | CDMR | ||
| 005 | 20131128132401.0 | ||
| 008 | 130130s1970||||||||||||||||||||||||||||d | ||
| 040 |
_aCDMR _bcat _cCDMR |
||
| 100 | 1 |
_aAltabella Hernández, José _912 |
|
| 245 | 1 | 4 |
_aLas Provincias _b: eje histórico del periodismo valenciano 1866-1969 _cJosé Altabella |
| 260 |
_aMadrid _c1970 _bEditora Nacional |
||
| 300 | _a209 p. | ||
| 610 | 2 |
_94063 _aProvincias (Diari) |
|
| 650 | 0 | 4 |
_93311 _aPremsa _zComunitat Valenciana |
| 942 |
_cMON _2udc |
||
| 999 |
_c20 _d20 |
||